| 000 | 00475nam a2200205Ia 4500 | ||
|---|---|---|---|
| 008 | 170918s9999 xx 000 0 und d | ||
| 020 | _a9780531228029 | ||
| 050 | _bK492 2010 | ||
| 100 | _aKim, F. S. | ||
| 245 | _aConstellations / | ||
| 245 | _cby F. S. Kim. | ||
| 260 | _aNew York : | ||
| 260 | _bChildren's Press, | ||
| 260 | _c2010 | ||
| 300 | _a48 pages : | ||
| 300 | _bcolored illustration ; | ||
| 300 | _c21cm. | ||
| 300 | _eA true book. | ||
| 500 | _a840 | ||
| 999 |
_c343156 _d343156 |
||